000
00240 a2200097 4500
001
45490
100
_a
Mccormack M
245
_a
What they don't teach you of Harvard business school
260
_a
London
_b
Collins
_c
090
_c
28652
_d
28652
942
_a
NUST-CAE
_c
M
_c
20727
999
_c
280563
_d
280563